[Event "Olympiad-34"]
[Site "Istanbul"]
[Date "2000.11.07"]
[Round "10.1"]
[White "Leko, Peter"]
[Black "Seirawan, Yasser"]
[Result "1-0"]
[WhiteElo "2743"]
[BlackElo "2647"]
[Annotator "Finkel,A"]
[PlyCount "131"]
[EventDate "2000.10.28"]
[EventType "team-swiss"]
[EventRounds "14"]
[EventCountry "TUR"]
[SourceTitle "EXT 2001"]
[Source "ChessBase"]
[SourceDate "2000.11.22"]
[SourceVersion "1"]
[SourceVersionDate "2000.11.22"]
[SourceQuality "1"]
[WhiteTeam "Hungary"]
[BlackTeam "US of America"]
[WhiteTeamCountry "HUN"]
[BlackTeamCountry "USA"]

1. e4 e6 2. d4 d5 3. Nc3 dxe4 4. Nxe4 Bd7 5. Nf3 Bc6 6. Bd3 Nd7 7. O-O Ngf6 8.
Ng3 Be7 9. Re1 O-O 10. c3 Bxf3 (10... b6 11. Bf4 Bd6 12. Ne5 Nxe5 13. dxe5 Nd5
14. Bd2 Be7 15. Qg4 $40 {Paramos Dominguez,R-Teran Alvarez,I/ESP-chT 1996}) (
10... Re8 11. Bf4 a5 12. Qe2 Bf8 13. Rad1 Bxf3 14. Qxf3 c6 15. h4 Qb6 16. Re2
$14 {Sokolov,I-Suba,M/Antwerpen op 1996}) 11. Qxf3 c6 12. Bf4 {White's play in
the following game is simply perfect and looks very simple and logical.} (12.
Bd2 Re8 13. Rad1 (13. Re2 Nf8 14. Ne4 Nxe4 15. Bxe4 Bg5 16. Be3 Ng6 17. g3 Qf6
$11 {Pert,N-Waters,C/ch-GBR 2000}) 13... Qb6 14. Bc1 Rad8 15. Bc2 a5 16. Nf1
Qc7 17. Ne3 b5 18. a4 Bd6 19. g3 $14 {Spasov,V-Foisor,C/Open 2000}) (12. Bg5 $5
Qa5 13. h4 $5 Rfe8 14. a4 Rad8 15. Bf4 Qd5 (15... Nd5 $2 {[%csl Ra5]} 16. b4 $1
$18) 16. Qe2 $1 Nf8 17. Bc4 Qd7 18. h5 $1 $14 {[%csl Rf8] Zontakh,A-Abatino,M/
Leonardo di Bono mem 1999}) (12. h4 Re8 13. Bg5 Qc7 14. Rad1 Rad8 15. Ne4 Nxe4
16. Qxe4 Nf8 17. Qg4 Bxg5 18. Qxg5 Rd5 19. Qg4 Nd7 $11 {Sermek,D-Bukal,V/
CRO-chT 1995}) 12... Re8 (12... Nd5 13. Bd2 (13. Ne4 N7f6 14. Be5 Nxe4 15. Qxe4
g6 16. Rad1 Nf6 17. Qf3 Nd7 18. Bf4 $14 {Koglin,A-Penndorf,D/Wuerzburg op 1991}
) 13... Re8 14. a3 Nf8 15. c4 Nf6 16. Bc3 Qc7 17. Rad1 $14 {Di Tomaso,O-Varela,
G/Buenos Aires CAA op 1993}) (12... Qb6 13. a4 a5 14. Qe2 Nd5 15. Be5 N7f6 16.
f4 Nd7 $132 {Roisman,F-Belpoliti,E/Panamerican-ch 1996}) 13. Rad1 Nf8 14. a3 $5
Ng6 (14... Nd5 15. Bc1 b5 16. Ne4 Nd7 17. g3 N7f6 18. h4 Rc8 $14) 15. Bc1 Qc7
16. Ne4 Nxe4 17. Bxe4 Rad8 18. g3 Rd7 19. h4 Nf8 20. Bf4 Qd8 (20... Bd6 21. Be3
) 21. b4 $5 {This move is untypical for this kind of positions,but white takes
advantage of the fact that black knight on f8 is out of play and wins space on
the quenside.} Bd6 22. Be3 a6 23. c4 f5 $6 {[%csl Re6] After this move black
remains with perpetual weakness on e6.} (23... Qc7) 24. Bc2 Rf7 25. Bg5 Qb8 26.
Bc1 Qd8 (26... f4 27. g4 Ng6 28. h5 Nh4 29. Qe4 $16) 27. Bg5 $1 Qb8 28. Kg2 h6
29. Bc1 Qd8 30. Rh1 $1 (30. h5 {[%cal Gg3g4]} Nh7 31. Bb2 Ng5) 30... Qf6 31.
Bb2 Bb8 32. Bc3 Kh8 33. Rde1 Nd7 (33... Ba7) 34. Re2 e5 35. dxe5 Bxe5 (35...
Nxe5 36. Qf4 $18 {[%cal Gc3f6]}) 36. Rhe1 Ree7 37. Bxe5 Rxe5 (37... Nxe5 38.
Qc3 Ng6 (38... f4 39. Rxe5 fxg3 40. Qxg3 $18) 39. Qxf6 gxf6 40. Bxf5 $18) 38.
Rxe5 Nxe5 39. Qf4 Ng6 40. Re8+ Kh7 (40... Nf8 41. Re5 $18 {[%csl Rf5]}) 41. Qf3
Nf8 42. h5 $1 {[%csl Rf5][%cal Gg3g4]} g6 43. hxg6+ Nxg6 44. Qe3 Kg7 (44... f4
45. gxf4 Qxf4 46. Qxf4 Rxf4 47. Re7+ Kg8 48. Rxb7 $18) 45. Re6 Qg5 (45... Qd8
46. Qc3+ Kh7 47. f4 $5 Qd7 48. Qe3 b6 49. Kh2 $16 {[%cal Gg3g4]}) 46. Qd4+ Kh7
47. f4 $1 Qg4 48. Bd1 $18 Nh4+ $8 49. Kf2 Qh3 50. gxh4 Rg7 51. Bf3 Qxh4+ 52.
Ke2 Qh2+ 53. Kd3 Qa2 54. Qd6 Qxa3+ 55. Ke2 (55. Kd4 Qb2+ 56. Kc5 $2 Qf2+ $19)
55... Qa2+ 56. Ke3 Qh2 57. Be2 $1 c5 58. bxc5 a5 59. Qe5 Qh3+ 60. Kd2 a4 61.
Bd3 Rg2+ 62. Kc3 a3 63. Qf6 (63. Re7+ Kg6 64. Kd4 $18) 63... Rg7 64. Kb4 Qxd3
65. Qxh6+ Kg8 66. Re8+ 1-0

[Event "LTU-ch"]
[Site "Vilnius"]
[Date "2002.05.25"]
[Round "11"]
[White "Asauskas, Henrikas"]
[Black "Rozentalis, Eduardas"]
[Result "1-0"]
[WhiteElo "2384"]
[BlackElo "2586"]
[Annotator "Finkel,A"]
[PlyCount "135"]
[EventDate "2002.05.17"]
[EventType "tourn"]
[EventRounds "11"]
[EventCountry "LTU"]
[EventCategory "9"]
[SourceTitle "CBM 090"]
[Source "ChessBase"]
[SourceDate "2002.09.20"]
[SourceVersion "1"]
[SourceVersionDate "2002.09.20"]
[SourceQuality "1"]

1. e4 e6 2. d4 d5 3. Nc3 Nc6 4. e5 f6 5. Nf3 Bd7 (5... fxe5 6. Nxe5 (6. dxe5
Bc5 (6... Nh6 7. Bb5 a6 8. Bxc6+ bxc6 9. Bg5 Qd7 10. Qd2 Nf7 11. Bh4 Bb4 12. a3
Ba5 13. Qd3 c5 14. O-O $14 {Mauffrey,H-Renaud,O/Avoine 2000}) 7. Bd3 Nge7 8.
Na4 Bb6 9. c3 O-O 10. O-O Qe8 11. Nxb6 axb6 12. Re1 Bd7 13. Ng5 h6 14. Nh3 Ng6
$13 {Gallagher,J-Thesing,M/Zug 1989}) 6... Nxe5 7. dxe5 g6 8. h4 Bg7 9. h5 Bxe5
10. Bd3 Qf6 11. hxg6 hxg6 12. Rxh8 Qxh8 13. Bxg6+ Ke7 14. Bg5+ $36 {Gulko,
B-Panchenko,A/Kischniev 1975}) 6. Bd3 $5 {With this move white shpws that he
is ready to trade this bishop for the black knight on c6.} (6. Be2 Qe7 7. O-O
O-O-O 8. Re1 Qf7 9. Bb5 Nge7 10. Rb1 h6 11. b4 Ng6 12. a3 fxe5 13. dxe5 Be7 14.
Bxc6 Bxc6 15. Qd4 $14 {Rudolf,H-Ellers,H/Herborn 1994}) (6. a3 Qe7 7. Nb5 $5
Rc8 8. c4 a6 9. Nc3 dxc4 10. Bxc4 fxe5 11. dxe5 $16 {Gazik,I-Terreaux,G/Sion
1990}) 6... Nb4 7. O-O Nxd3 8. Qxd3 Ne7 9. Re1 f5 {Closing position in the
center is probably the right plan.} (9... c6 10. exf6 gxf6 11. Ne2 Ng6 12. h4 (
12. Nf4 Nxf4 13. Bxf4 Bg7 $13) 12... Be7 (12... e5 $6 13. dxe5 fxe5 14. h5 e4
15. Qc3 $1 $18 {[%csl Rg6,Rh8]}) 13. h5 Nf8 14. Bh6 Kf7 15. Nf4 $14 {[%csl Re6]
}) 10. Bg5 c6 $6 {It was better to determine position of the pawns on the
kingside right away.} (10... h6 11. Bd2 g5 12. Ne2 Ng6 $13) 11. Ne2 h6 12. Bd2
a5 (12... g5 13. h4 g4 14. Nh2 Ng6 15. Nxg4 $14) 13. h4 $14 {Preventing blacks
counterplay on the kingside.} g6 14. Nf4 Kf7 15. b3 b5 16. a4 b4 (16... Qb6 17.
axb5 cxb5 18. Bb4 $1 $14) 17. c3 bxc3 18. Bxc3 {[%csl Ra5] Now the pawn on a5
becomes the trget for the white pieces.} Rg8 {[%cal Gg6g5]} 19. Nh3 Nc8 20. Qd2
Kg7 21. Reb1 Be7 22. Qf4 (22. b4 $5 axb4 23. Bxb4 Bxh4 24. a5 $14) 22... Qf8
23. Bd2 Kh7 24. Rc1 Rh8 25. Rc2 Qg7 26. Rac1 Ra6 27. Qe3 Na7 28. Qd3 {White
doesn't want to trade the pawn on b3 for the black one on a5.} (28. Qe1 Rb6 29.
Bxa5 Rxb3 30. Bc7 $14) 28... Bc8 29. Rc5 $5 Bd8 $6 {At some stage black is
forced to take on c5, that's why it was better to do it right away.} (29...
Bxc5 30. Rxc5 Qc7 31. Qc3 Bd7 32. Nf4 $44) 30. Qe3 Re8 31. Qe1 Bb6 32. Bxa5
Bxc5 33. dxc5 $16 d4 (33... Bb7 34. Nd4 {[%cal Gb3b5]}) 34. Rc4 Qb7 35. Nxd4
Bd7 36. Bd2 Kg7 37. Qe3 Rh8 38. Nf4 Kf7 39. Qd3 ({Very promising looked} 39.
Rb4 $5 Qc7 40. Qd3 Qc8 41. Rb6 Rxb6 42. cxb6 c5 43. Ndxe6 Bxe6 44. bxa7 $16)
39... Nc8 40. Rb4 Qa7 41. Qc4 Re8 42. h5 $5 g5 43. Nxf5 gxf4 44. Bxf4 $6 {
Inaccuracy permitting black to prolong the struggle for 30 more moves.} (44.
Nxh6+ Ke7 45. Bxf4 Rh8 46. Bg5+ Ke8 47. Qd3 $18 {[%cal Gd3g6]}) 44... Rh8 45.
Bxh6 Rg8 46. Nd6+ {Once again white misses his chance to win on the spot.} (46.
Ng7 $1 Rxg7 47. Bxg7 Kxg7 48. Qg4+ Kh8 49. Qg5 $18 {[%cal Gb4g4]}) 46... Nxd6
47. exd6 Bc8 48. Qf4+ Ke8 49. Rb8 $1 Qd7 (49... Qxb8 50. d7+ $18 {[%csl Rb8]})
50. Qf6 Ra7 51. Bg5 Rb7 52. Ra8 Ra7 53. Rxa7 Qxa7 54. Qd8+ Kf7 55. Qf6+ Ke8 56.
h6 {Black pieces are so badly placed that white pawns prove to be much
stronger than rook!} Qd7 (56... Rf8 57. Qe7+ Qxe7 58. dxe7 Rf7 59. f4 $18 {
[%cal Gg1d4,Gd4e5]}) 57. b4 Rf8 58. Qe7+ Qxe7 59. dxe7 Rh8 60. f4 Ba6 61. Kf2
Kf7 62. Ke3 Rb8 63. Kd2 $1 Bf1 (63... Rxb4 64. e8=Q+ Kxe8 65. h7 $18) 64. g3 $1
Rxb4 65. e8=Q+ Kxe8 66. h7 Rb2+ 67. Kc3 Rh2 68. Bh4 1-0

[Event "Chebanenco Memorial 1st"]
[Site "Kishinev"]
[Date "1998.02.13"]
[Round "5"]
[White "Sakaev, Konstantin"]
[Black "Itkis, Boris"]
[Result "1-0"]
[WhiteElo "2620"]
[BlackElo "2460"]
[Annotator "Finkel,A"]
[PlyCount "96"]
[EventDate "1998.02.09"]
[EventType "tourn"]
[EventRounds "9"]
[EventCountry "MDA"]
[EventCategory "12"]
[SourceTitle "CBM 064"]
[Source "ChessBase"]
[SourceDate "1998.06.02"]
[SourceVersion "1"]
[SourceVersionDate "1998.06.02"]
[SourceQuality "1"]

{[%mdl 6192]} 1. e4 {Sakaev,K. Kortschnoj Ftacnik} e6 2. d4 d5 3. Nc3 dxe4 4.
Nxe4 Nd7 5. Nf3 Ngf6 6. Nxf6+ Nxf6 7. Be3 {'!' Sakaev,K.} Nd5 (7... Be7 $5 8.
Qd2 (8. Bd3 {Ftacnik} b6 (8... c6 9. Qe2 Qa5+ 10. Bd2 Qc7 11. O-O-O Nd5 12. Ne5
Bf6 13. f4 b5 14. Rhf1 a6 15. Be4 Ra7 16. Rf3 Bd7 17. Rdf1 b4 18. Qc4 a5 19.
Nxd7 Qxd7 20. f5 Qd6 21. fxe6 fxe6 22. Qd3 {1-0 Prins,L-Guimard,C/Dubrovnik
olm 1950/MCD-ol (36)}) 9. Ne5 (9. Qe2 O-O 10. O-O-O Bb7 11. c4 Qc8 12. Bg5 Re8
13. Ne5 g6 14. f4 c5 15. dxc5 Qxc5 16. Kb1 Rad8 17. Rhe1 Rd6 18. h4 Qc7 19. g4
Red8 20. h5 {Donner,J-Oren,M/Helsinki olm 1952/MCD-ol/1-0 (54)}) 9... Bb7 10.
Bb5+ Kf8 11. Bc6 Bxc6 12. Nxc6 Qd5 13. Qf3 Qxf3 14. gxf3 Nd5 15. a3 Bd6 16. c4
Ne7 17. Ne5 Bxe5 18. dxe5 Nc6 19. f4 {Louma,J-Zita,F/UJCS-17.Kongress 1943/1/
2-1/2 (48)}) (8. Ne5 O-O 9. Bd3 Qd5 10. O-O c5 11. c3 Rd8 12. Qc2 cxd4 13. cxd4
Bd7 14. f3 Rac8 15. Qe2 Be8 16. f4 Bd6 17. Rf3 g6 18. Rh3 a6 19. Bc4 Qe4 20.
Rf1 Bb5 21. Bxb5 Rc2 22. Qf3 axb5 {Caminade,A-Roumegous,E/Paris-ch 1992/EXT
92ch/1/2-1/2 (47)}) (8. c3 O-O 9. Bd3 b6 10. Qc2 Bb7 11. O-O-O Qc8 12. h4 c5
13. Ne5 cxd4 14. Bxd4 Rd8 15. Rhe1 Bxg2 16. Rg1 Qb7 17. f3 Rxd4 18. Qxg2 Bf8
19. cxd4 Nd5 20. Kb1 {1-0 Anka,E-Nielsen,U/Aarhus int 1996}) 8... O-O (8... Nd5
9. Bg5 $5) (8... b6 9. Ne5 Bb7 10. Bb5+ c6 11. Nxc6 Qd5 12. c4 Qxg2 13. Nxe7+
Kxe7 14. Qb4+ Kd8 15. O-O-O Nh5 16. Qd6+ {1-0 Rause,O-Medghoul,S/Maromme op
1994}) 9. O-O-O b6 10. Ne5 Bb7 11. Bb5 $6 Qc8 $1 $13 {Almasi,Z-Istratescu,A/
Budapest zt-plof 1995 (21)} (11... Qc8 $1 $13 12. f3 c6 $1 13. Ba4 $6 c5 $2 (
13... Nd5 14. c4 Nxe3 15. Qxe3 b5 $1 16. Bc2 bxc4 17. Qe4 f5 18. Qe2 c5 $15)
14. dxc5 $1 bxc5 15. Bg5 Rd8 16. Qa5 $1 $14 h6 17. Bh4 Rd5 18. Rxd5 exd5 19.
Re1 $36 Bd8 $8 20. Qd2 {1-0 Almasi,Z-Istratescu,A/Budapest zt-plof 1995/ (21)})
) (7... Bd6 {Ftacnik} 8. Bd3 b6 9. Ne5 Bxe5 10. dxe5 Nd5 11. Qg4 Nxe3 12. Qxg7
Rf8 13. fxe3 Qh4+ 14. Ke2 Bb7 15. Qf6 Qg4+ 16. Ke1 Qxg2 17. Rf1 Be4 {1/2-1/2
Kudinov,I-Huguet,B/WchS 1996}) 8. Bd2 $5 {Deciding to keep the bishop on the
board.White gained nothing after} (8. Qd2 Nxe3 9. Qxe3 Bd6 (9... Be7 10. O-O-O
O-O 11. Bc4 c6 12. h4 a5 $5 13. Ne5 Qc7 14. Qe4 a4 15. a3 Ra5 16. Ba2 Ra6 $13 {
1/2-1/2 Gabriel Christian-Teske Henrik/It (open), Dresden (Germany) 1995}) 10.
O-O-O Qe7 11. Bd3 O-O 12. Qe4 g6 13. h4 Bd7 $1 14. h5 Bc6 15. Qe3 Bxf3 $11 {
Lalic,B-Rowson,J/GM International, London ENG 1997 (19)} (15... Bxf3 {Ftacnik}
16. Qxf3 Rfd8 17. hxg6 hxg6 18. Kb1 Kg7 19. Rh3 c6 20. Rdh1 {1/2-1/2 Lalic,
B-Rowson,J/London 1997/CBM 62})) 8... c5 (8... Bd6 9. c4 Nf6 10. Bd3 O-O 11.
O-O c5 12. Bc3 $14) (8... Be7 {Ftacnik} 9. c4 Nb6 10. Bc3 $14) 9. Bb5+ {
'!' Sakaev,K.} (9. Ne5 {Sakaev,K} a6 10. Qf3 Qc7) 9... Bd7 10. Qe2 (10. Bxd7+
$6 {Kortschnoj} Qxd7 11. Ne5 Qc7 12. Qe2 Bd6 (12... O-O-O $13) 13. Qb5+ Ke7 $13
) 10... a6 {'?' Sakaev,K.} (10... cxd4 $5 11. Ne5 $6 (11. Bxd7+ Qxd7 12. Ne5
Qc7 (12... Qa4 13. Qf3 f6 14. b3 $1 Qb5 15. Qh5+ Ke7 16. Qf7+ (16. Ng6+ $14)
16... Kd6 (16... Kd8 $2 17. a4 $1 $18 {[%csl Rb7,Rd7]}) 17. a4 Qa6 18. Nc4+ Kc5
19. O-O $36 {[%csl Rc5]}) 13. Qb5+ Kd8 14. Nf3 Bc5 15. Rd1 $44) (11. Nxd4 {
Ftacnik} Bc5 $11) 11... Nf6 $15 (11... Nf6 {Sakaev,K} 12. O-O-O $14)) (10...
Bxb5 {Ftacnik} 11. Qxb5+ Qd7 12. Qxd7+ Kxd7 13. c4 Nb6 14. b3 (14. O-O-O $1 {
Sakaev,K} Nxc4 15. Bc3 $40) 14... cxd4 15. Nxd4 Bc5 16. Bc3 $14) 11. Bxd7+ Qxd7
12. c4 Nf6 {'?!' Sakaev,K.} (12... Nb4 $6 {Ftacnik} 13. Bxb4 (13. O-O {
Kortschnoj} cxd4 $14) 13... cxb4 14. d5 $16 (14. d5 Bc5 $14)) (12... Nc7 $6 {
Sakaev,K} 13. Bc3 $16) 13. d5 $14 {The opening results are definitly in
white's favour:better pawn structure and certain advantage in development give
white longlasting positional pressure. Ftacnik: White may not get much from
the opening, but the better pawn structure with isolated e6 pawn will give him
winning chances without risk.} Bd6 (13... O-O-O {Ftacnik} 14. dxe6 Qxe6 15.
Qxe6+ fxe6 16. Ba5 $14) 14. Bc3 O-O-O (14... O-O {Ftacnik} 15. dxe6 (15. Bxf6 {
'!?' Sakaev,K.} gxf6 16. O-O-O (16. O-O {Sakaev,K} Rae8 (16... e5 17. Nh4 f5
18. Qh5 $18) 17. Qe4 $16) 16... Rfe8 17. Qc2 Rad8 $13) 15... Qxe6 16. Qxe6 fxe6
17. Ng5 $14) 15. dxe6 Qxe6 $6 {Without the queens it's more difficult to
create counterplay so deserved attention} (15... fxe6 $5 16. O-O (16. Rd1 $14 {
Ftacnik}) 16... Rhe8 17. Rad1 Qf7 18. Rfe1 $14) 16. Qxe6+ fxe6 17. O-O {
[%csl Re6] '+/-' Sakaev,K.} Rd7 (17... Bf4 {Ftacnik} 18. Rfe1 Rd6 19. g3 Bh6
20. Ne5 $14) 18. Rfe1 Re8 19. Re2 Rde7 20. Rae1 $16 {Black simply can't move
and white starts to increase the pressure. Ftacnik: The black position seems
to be very solid, but how should he cope with the long term plan of white's
progress? Sakaev can manouvre his knight and push his kingside pawns forward.}
b6 (20... b5 {Ftacnik} 21. b3 $14) 21. g3 Bc7 (21... a5 $5 {Kortschnoj}) 22.
Kg2 Bd6 23. b3 Bc7 $6 (23... Nd7 {Ftacnik} 24. Ng5 Nf8 25. f4 $16) 24. Ng5 $1
Kd7 (24... e5 25. f4 (25. Nf3 {Ftacnik} Nd7 26. h4 $16) 25... h6 26. Nf3 e4 27.
Nd2 e3 28. Nf1 $18) 25. f4 {'!' Sakaev,K.} Bb8 (25... h6 $5 {Ftacnik} 26. Nf3
$16 (26. Nf3 {Kortschnoj} Bd6 27. Nh4 $16) (26. Bxf6 gxf6 27. Ne4 Rf8 28. f5
Be5 $14)) 26. b4 $1 {This advance of the pawn one step forward decides the
game!Black is helpless. '+-!' Sakaev,K.} Bd6 $6 {More persistant was} (26... h6
$8 27. Bxf6 (27. Nf3 $5 $16) 27... gxf6 28. Ne4 Rf8 29. bxc5 f5 $8 30. Nc3 bxc5
31. Nd5 $1 Ree8 32. Nb6+ Kd6 33. Rd1+ $16) (26... cxb4 {Ftacnik} 27. Bxb4 Bd6
$2 28. Rd2 $18) 27. Bxf6 gxf6 28. Ne4 $18 {Ftacnik: Black have missed, that
now c5,d6 and f6 squares can not all be defended at the same time.} Rd8 (28...
Kc6 29. Nxf6 Rf8 30. Rxe6 Rxe6 31. Rxe6 cxb4 32. Ne4 $18) (28... Rf8 {Ftacnik}
29. Rd2 $18) 29. Rd1 Kc6 30. Red2 Red7 31. Nxf6 ({More accurate was} 31. bxc5
$1) 31... cxb4 32. Nxd7 Rxd7 33. g4 {The rest is easy technical job.} a5 34.
Rd3 a4 35. h4 b3 36. axb3 axb3 37. Rxb3 Rf7 38. Rf1 (38. Rxb6+ {Ftacnik} Kxb6
39. Rxd6+ Kc5 40. Rxe6 Rxf4 41. Kg3 Rxc4 (41... Rf7 {Kortschnoj} 42. Re4 $18)
42. Rh6 $18) 38... Bxf4 39. Rb5 h6 40. Kh3 {'(+)?!' Sakaev,K.} Rf6 41. Kg2 e5
42. Rfb1 Kc7 43. c5 {Ftacnik: Correct decision, white prevents any attempt by
black to build a fortress.} bxc5 (43... Be3 {Ftacnik} 44. Rxb6 Rf2+ 45. Kg3
Bxc5 46. Rxh6 $18) 44. Rb7+ $1 Kd8 45. Rb8+ Ke7 46. R1b7+ Kd6 47. Rb6+ Kc7 48.
Rxf6 Kxb8 (48... Kxb8 {Ftacnik} 49. Rxf4 $1 exf4 50. g5 $18) 1-0

[Event "YUG-ch 57th"]
[Site "Banja Koviljaca"]
[Date "2002.03.21"]
[Round "6"]
[White "Kovacevic, Aleksandar"]
[Black "Antic, Dejan"]
[Result "1-0"]
[WhiteElo "2549"]
[BlackElo "2470"]
[Annotator "Finkel,A"]
[PlyCount "103"]
[EventDate "2002.03.16"]
[EventType "tourn"]
[EventRounds "13"]
[EventCountry "YUG"]
[EventCategory "10"]
[SourceTitle "CBM 089"]
[Source "ChessBase"]
[SourceDate "2002.08.12"]
[SourceVersion "1"]
[SourceVersionDate "2002.08.12"]
[SourceQuality "1"]

1. e4 e6 2. d4 d5 3. Nc3 Nf6 4. Bg5 dxe4 5. Nxe4 Nbd7 6. Nf3 h6 7. Nxf6+ Nxf6
8. Bh4 c5 9. Bd3 {I guess it's just a matter of taste whether to put a bishop
on c4 or on d3. Both moves are possible and both of them have their drawbacks.}
(9. c3 cxd4 10. Nxd4 Be7 11. Bb5+ Bd7 12. Qb3 Bxb5 13. Qxb5+ Qd7 14. Qxd7+ Nxd7
15. Bxe7 Kxe7 16. O-O-O Rhc8 17. Rhe1 {1/2-1/2 Sax,G-Psakhis,L/Manila 1992/TD 
(17)}) (9. Bc4 cxd4 10. Qxd4 (10. O-O Be7 (10... Bc5 11. Qe2 O-O 12. Rad1 Qb6
13. Bxf6 gxf6 14. Nxd4 Qxb2 15. Rd3 $40 {Kling,T-Vuksanovic,S/Erevan olw 1996 
(25)}) 11. Qe2 a6 12. Rad1 b5 $6 13. Bb3 Nd7 $6 (13... Bb7 14. Nxd4 Qb6 15. Rd3
Rd8 16. Rfd1 O-O 17. Nf5 $14) 14. Qe4 $1 $16 {Morozevich,A-Ulibin,M/Maikop 1998
}) 10... Qxd4 11. Nxd4 a6 12. a4 Bd7 13. f3 Rc8 14. Bb3 Bc5 15. O-O-O Rd8 16.
Rd3 $14 {Dutreeuw,M-Arkhipov,S/Miskolc 1990}) (9. Bxf6 gxf6 10. Be2 cxd4 11.
Nxd4 Bc5 12. Nb3 Qxd1+ 13. Rxd1 Bb6 14. Bf3 Rb8 $11 {Huebner,R-Rivas Pastor,M/
Manila 1992}) (9. dxc5 Qa5+ (9... Qxd1+ 10. Rxd1 Bxc5 11. Be2 Ke7 12. Ne5 g5
13. Bg3 Ne4 14. Bh5 Rf8 15. Bf3 $14 {Vallejo Pons,F-Kaminski,M/WchJM-U18 1995 
(42)}) 10. Qd2 (10. c3 Qxc5 11. Qd4 Qxd4 12. Nxd4 g5 13. Bg3 Ne4 $132 {Stisis,
Y-Zifroni,D/Rishon le Zion YM-IM 1995 (52)}) 10... Qxd2+ 11. Nxd2 Bxc5 12.
O-O-O O-O 13. Bxf6 gxf6 14. Ne4 Be7 15. Be2 f5 16. Nd6 Rd8 $11 {Toth,A-Borcsok,
L/HUN 1995}) (9. Be2 Be7 10. O-O O-O 11. c3 Qb6 12. Qc2 Rd8 13. Rfd1 Bd7 14. a4
Rac8 $132 {Mirumian,V-Zifroni,D/EUchJM-U18 1994 (42)}) 9... cxd4 10. Nxd4 Be7 (
10... Bc5 11. Nf3 O-O 12. O-O b6 13. Qe2 Bb7 14. Rad1 Qc7 15. Ne5 Rfd8 16. Kh1
Rd4 17. f4 $14 {Fedorchuk,S-Mirzoev,A/Calicut 1998}) 11. O-O O-O 12. c3 Nd5 13.
Bxe7 (13. Bg3 Bd6 14. Qe2 a6 15. Rad1 Qc7 16. Bb1 (16. Bxd6 Qxd6 17. Bb1 Qc7
18. Nf3 Nf6 19. Rd4 b6 20. Ne5 $14 {Skripchenko Lautier,A-Lomineishvili,M/
Kishinev 1995}) 16... Bxg3 17. hxg3 Nf6 18. Nf3 b5 19. Rd4 Bb7 20. Rfd1 Rad8
21. Qe3 $14 {Wegener,D-Plesec,D/Budapest 1993}) 13... Qxe7 14. Re1 Qc7 $5 (
14... Rd8 15. Qf3 Nf6 16. Rad1 Qc7 $11) 15. a4 $5 Bd7 16. a5 Rad8 17. Qb3 a6 {
It seems very logical to prevent a6 because after} (17... Bc8 18. a6 $5 b6 19.
Qc4 Rd7 20. Qxc7 Rxc7 21. Nb5 Rd7 22. Be4 $14 {white keeps better chances to
to the weakness of the pawn on a7.}) 18. Be4 Bc8 19. g3 Nf6 20. Bg2 e5 $6 (
20... Rd6 $5 $11) 21. Nc2 Rd2 22. Ne3 e4 (22... Rfd8 23. Qb4 e4 24. Rad1) 23.
Qb4 $1 {[%cal Ge3c4] Preparing Nc4} (23. Nc4 $2 Be6) 23... Be6 24. Rad1 $5 Rfd8
25. Rxd2 Rxd2 26. Rd1 Rxd1+ 27. Nxd1 {[%csl Ra6,Rb7,Re4] Arising endgame is
better for white due to the fact that all black pawns are placed on the light
squares.} Bg4 (27... Nd5 28. Qa4 $1) 28. Ne3 Bf3 29. Bh3 $1 g6 $2 {This move
is the decisive mistake. After} (29... h5 $1 30. Qb6 $140 Qxb6 31. axb6 Bg4 $1
32. Nxg4 hxg4 33. Bg2 Kf8 34. h3 gxh3 35. Bxh3 Nd5 (35... a5 $2 36. Bc8 Nd5 37.
Bxb7 Nxb6 38. Bxe4 Na4 39. b4 $18) 36. Bc8 Nxb6 37. Bxb7 Na4 $11 {black had
very good chances to hold the position.}) 30. Qb6 $1 $18 Qe5 (30... Qxb6 $2 31.
axb6 Ne8 32. Nc4 Be2 33. Na5 Nd6 34. b3 $1 $18 {[%cal Gc3c5]}) 31. Bc8 h5 32.
Bxb7 Ng4 33. Nxg4 hxg4 34. Bxa6 e3 35. Qxe3 $1 {Now it's all over: white is
just 2 pawns up with no counterchances for black.} (35. fxe3 $5 Qd5 36. Bf1 Qd1
37. a6 Be2 38. Qf6 Qa1 39. b4 $18) 35... Qxa5 36. Bf1 Bb7 37. Qe8+ Kg7 38. Qd7
Bf3 39. b4 Qa2 40. Qd3 f5 41. h3 Qa1 42. hxg4 fxg4 43. b5 Kf7 44. Qc4+ Ke7 45.
Kh2 Qa8 46. Qc5+ Kd7 47. Qd4+ Kc7 48. Qg7+ Kb6 49. Qxg6+ Kc7 50. Qg7+ Kb6 51.
Qf6+ Kc7 52. Qe7+ 1-0